| 000 | 00455nam a2200181Ia 4500 | ||
|---|---|---|---|
| 001 | 9216 | ||
| 005 | 20260306160707.0 | ||
| 008 | 260306t2004||||xx |||||||||||||| ||spa|| | ||
| 041 | _aESP | ||
| 082 |
_a375.0098 _bF43 |
||
| 100 |
_aFerrer, Guillermo _eAUT |
||
| 245 | 0 | _aLas reformas curriculares de Perú, Colombia, Chile y Argentina | |
| 260 | _c2004 | ||
| 300 |
_a233 páginas : _ccm. |
||
| 650 | _aGEN | ||
| 654 | _aCED | ||
| 942 |
_cLIB _dJUS _fJUS _2ddc _n |
||
| 999 |
_c9216 _d9216 |
||